000 00650nam a2200217 i 4500
001 86142
003 ES-MaACL
005 20250804062644.0
007 t|
008 041207s1967 sp ||||1| cat d
100 1 _aKerouac, Jack,
_d1922-1969
_eaut
_9240046
245 1 4 _aEls pótols místics /
_cJack Kerouac ; traducció de l'anglís per Manuel de Pedrolo.
250 _a[1ª ed.].
260 _aBarcelona :
_bProa,
_c1967.
300 _a292 p. ;
_c17 cm.
655 0 _aNovelas
_9234319
700 1 _aPedrolo, Manuel de,
_d1918-1991
_989937
_etrl
852 _aES-MaACL
_jC-32002
_bR.62663
942 _2udc
999 _c86142
_d86142